|
|
|
|
| LEADER |
00000cam a2200000 i 4500 |
| 005 |
2012061902032.0 |
| 007 |
cr|||| |||| |
| 008 |
051004s2005 sp 001 0 spa d |
| 017 |
|
|
|a D.L.B29764-2005
|
| 020 |
|
|
|a 8496283240
|
| 035 |
|
|
|a 6519
|
| 040 |
|
|
|a NoBUC
|d SpMaUCDE
|d BUS
|d vLex
|
| 080 |
|
|
|a 343.55-055.2(460)(094.5.072)
|
| 090 |
|
|
|c 3202
|d 3202
|
| 100 |
1 |
|
|a Sanz De̕z de Ulzurrun Escoriaza, Jaime
|
| 245 |
1 |
0 |
|a Violencia de gňero :
|b Ley Orgǹica de medidas de proteccin̤ integral contra la violencia de gňero: una visin̤ prc̀tica
|h [Recurso electrn̤ico] /
|c autores, Jaime Sanz-De̕z de Ulzurrun Escoriaza, Jos ̌Manuel Moya Castilla.
|
| 256 |
|
|
|a Servicio en ln̕ea
|
| 260 |
|
|
|a Barcelona :
|b Experiencia,
|c 2005.
|
| 300 |
|
|
|a 1 recurso electrn̤ico
|
| 506 |
1 |
|
|a Contenido solo disponible en los productos indicados
|d vLex Global
|d vLex Global (Academic Edition, excluding Law Schools)
|d vLex Global (U.S. Academic Edition, Law Schools)
|d vLex Global (U.S. Academic Edition, excluding Law Schools)
|d vLex Global (Academic Edition, Law Schools)
|
| 650 |
0 |
4 |
|a Violencia con las mujeres
|x Derecho
|z Espaą
|
| 650 |
0 |
4 |
|a Mujeres, Delitos contra las
|x Derecho
|z Espaą
|
| 700 |
1 |
|
|a Moya Castilla, Jos ̌Manuel,
|e coaut.
|
| 710 |
1 |
|
|a Espaą.
|t Ley Orgǹica de Medidas de Proteccin̤ Integral contra la Violencia de Gňero,
|d 2004
|
| 740 |
0 |
|
|a vLex Libros (Servicio en ln̕ea)
|
| 856 |
4 |
0 |
|u http://vlex.com/source/violencia-genero-6519
|z Acceso restringido
|
| 942 |
|
|
|c BOOK
|
| 999 |
0 |
|
|a Women--Abuse of; Wife abuse
|